Xarxa Audiovisual Local (XAL), entitat pública empresarial local de la Dipùtació de Barcelona : exercici 2005 / exercici 2005 /
Descripción Física:
163 pàgines : quadres ; 30 cm
Idioma:
Catalán
MARC
| LEADER | 00000nam a2200000 a 4500 | ||
|---|---|---|---|
| 001 | 26806 | ||
| 005 | 20260324181142.0 | ||
| 008 | 091214s2009 spc|||| |||||||| ||cat | ||
| 017 | |a DL B. 23120-2009 |b Biblioteca de Catalunya | ||
| 080 | |a Bib-956 | ||
| 110 | 1 | |a Catalunya. |b Sindicatura de Comptes |9 3037 | |
| 245 | 1 | 0 | |a Xarxa Audiovisual Local (XAL), entitat pública empresarial local de la Dipùtació de Barcelona : |b exercici 2005 / |c Sindicatura de Comptes de Catalunya |
| 260 | |a Barcelona : |b Sindicatura de Comptes de Catalunya, |c DL 2009 | ||
| 300 | |a 163 pàgines : |b quadres ; |c 30 cm | ||
| 500 | |a Informe 4/2009 | ||
| 610 | 2 | 0 | |a Xarxa Audiovisual Local |2 lemac |9 54066 |
| 650 | 0 | |a Finances públiques |z Catalunya |2 lemac |9 12120 | |
| 908 | |a BC | ||
| 940 | |a BC | ||
| 942 | |2 udc |c ARXIU |n 1 | ||
| 952 | |0 0 |1 0 |4 0 |6 BIB956 |7 1 |9 63891 |a Arxiu |b Arxiu |d 2022-09-09 |l 0 |o Bib-956 |p 26806 |r 2022-09-09 00:00:00 |w 2022-09-09 |y ARXIU | ||
| 999 | |c 82661 |d 82661 | ||